Tread warily /

Saved in:
Bibliographic Details
Main Author: Matthewman, Phyllis
Format: Book
Language:English
Published: London : Mills & Boon, 1966.
LEADER 00686nam a22001937a 4500
001 c000114503
003 CARM
005 19991223101001.0
008 990521s1966 enk 000 1 eng d
019 1 |a 20074706  |5 LACONCORD2021 
035 |a (OCoLC)30292971  |5 LACONCORD2021 
040 |a VCAV  |b eng  |c VCAV 
100 1 |a Matthewman, Phyllis. 
245 1 0 |a Tread warily /  |c by Phyllis Matthewman. 
260 |a London :  |b Mills & Boon,  |c 1966. 
300 |a 190 p. 
852 8 |b CARM  |h A2:AK03G0  |i A02515  |p 0161012  |f BK 
999 f f |i db873b4b-fdc7-5641-b0e7-ce1d4047787b  |s 27092447-56ca-587f-9829-ccaad5386705 
952 f f |p Can circulate  |a CAVAL  |b CAVAL  |c CAVAL  |d CARM 1 Store  |e A02515  |f A2:AK03G0  |h Other scheme  |i book  |m 0161012